| 000 | 00493nam a2200169 i 4500 | ||
|---|---|---|---|
| 001 | 79224 | ||
| 003 | ES-MaACL | ||
| 005 | 20230906173930.0 | ||
| 007 | t| | ||
| 008 | 041020s1933 fr ||||1| fre d | ||
| 100 | 1 |
_aHerenger, Alexandre. _962705 |
|
| 245 | 1 | 3 |
_aLe mythe raciste / _cAlexandre Herenger ; preface de Guglielmo Ferrero. |
| 260 |
_aParis : _b[s.n., _c1933] ( _fImp. Charaire) |
||
| 300 |
_a23 cm ; _c21 cm. |
||
| 700 | 1 |
_aFerrero, Guglielmo. _950546 |
|
| 852 |
_aES-MaACL _j1794-F-4 |
||
| 999 |
_c79224 _d79224 |
||